书目信息 |
| 题名: |
太平广记选
|
|
| 作者: | 王汝涛 选注 | |
| 分册: | 上 | |
| 出版信息: | 济南 齐鲁书社 1980 |
|
| 页数: | 495页 | |
| 开本: | 19cm | |
| 丛书名: | ||
| 单 册: | ||
| 中图分类: | I242.7 | |
| 科图分类: | ||
| 主题词: | 小说--中国 , 笔记小说--中国--北宋--选集 | |
| 电子资源: | ||
| ISBN: | ||
| 000 | 00660nam0 2200241 45 | |
| 001 | 0180008501 | |
| 005 | 20070730161313.46 | |
| 010 | @dCNY1.50 | |
| 091 | @a10206.14 | |
| 100 | @a19950525d1980 em y0chiy0121 ea | |
| 101 | 0 | @achi |
| 102 | @aCN@b370000 | |
| 105 | @af z 000ay | |
| 200 | 10 | @a太平广记选@h上@Atai ping guang ji xuan@f王汝涛等选注 |
| 210 | @a济南@c齐鲁书社@d1980 | |
| 215 | @a495页@c图@d19cm | |
| 606 | 0 | @a小说@x中国 |
| 606 | @a笔记小说@y中国@z北宋@x选集 | |
| 690 | @aI242.7 | |
| 701 | 0 | @a王汝涛@Awang ru tao@4选注 |
| 801 | 0 | @aCN@b上海图书馆@c20070730 |
| 801 | 2 | @aCN@bNLC@c20060914 |
| 905 | @f1@b111173@f0@f1@b111175@dI242.7@e11:1 | |
| 太平广记选.上/王汝涛等选注.-济南:齐鲁书社,1980 |
| 495页:图;19cm |
| ISBN :CNY1.50 |
| ● |
| 相关链接 |
|
|
|
|
正题名:太平广记选
索取号:I242.7/11:1
 
预约/预借
| 序号 | 登录号 | 条形码 | 馆藏地/架位号 | 状态 | 备注 |
| 1 | 0111172 | 001730443 | 密集书库/ [索取号:I242.7/11:1] | 在馆 | |
| 2 | 0111173 | 000105843 | 密集书库/ [索取号:I242.7/11:1] | 在馆 | |
| 3 | 0111174 | 001730434 | 密集书库/ [索取号:I242.7/11:1] | 在馆 | |
| 4 | 0111175 | 000105825 | 第二借阅区/ [索取号:I242.7/11:1] | 在馆 | |
| 5 | 0111176 | 000105834 | 第一样本阅览室/ [索取号:I242.7/11:1] | 在馆 | |
| 6 | 0473325 | 204733253 | 密集书库/ [索取号:I242.7/11:1] | 在馆 | |
| 7 | 0785529 | 207855294 | 密集书库/ [索取号:I242.7/11:1] | 在馆 |